MARC details
| 000 -LEADER |
| fixed length control field |
01036 a2200337 4500 |
| 001 - CONTROL NUMBER |
| control field |
23775 |
| 003 - CONTROL NUMBER IDENTIFIER |
| control field |
TR-AnTOB |
| 005 - DATE AND TIME OF LATEST TRANSACTION |
| control field |
20240919155231.0 |
| 008 - FIXED-LENGTH DATA ELEMENTS--GENERAL INFORMATION |
| fixed length control field |
050515s2003 tu 00110 tur |
| 020 ## - INTERNATIONAL STANDARD BOOK NUMBER |
| International Standard Book Number |
9759246708 |
| 040 ## - CATALOGING SOURCE |
| Original cataloging agency |
TR-AnTOB |
| Transcribing agency |
TR-AnTOB |
| 041 ## - LANGUAGE CODE |
| Language code of text/sound track or separate title |
Türkçe |
| 050 #0 - LIBRARY OF CONGRESS CALL NUMBER |
| Classification number |
DS54.95.N67 |
| Item number |
G53 2003 |
| 090 ## - LOCALLY ASSIGNED LC-TYPE CALL NUMBER (OCLC); LOCAL CALL NUMBER (RLIN) |
| Classification number (OCLC) (R) ; Classification number, CALL (RLIN) (NR) |
DS54.95.N67 G53 2003 |
| 100 ## - MAIN ENTRY--PERSONAL NAME |
| Personal name |
Gibbons, Harry Scott |
| 9 (RLIN) |
17504 |
| 245 #0 - TITLE STATEMENT |
| Title |
Kıbrıs'ta soykırım / |
| Statement of responsibility, etc. |
Harry Scott Gibbons. |
| 264 #1 - PRODUCTION, PUBLICATION, DISTRIBUTION, MANUFACTURE, AND COPYRIGHT NOTICE |
| Place of production, publication, distribution, manufacture |
Ankara : |
| Name of producer, publisher, distributor, manufacturer |
Near East Publishing, |
| Date of production, publication, distribution, manufacture, or copyright notice |
2003 |
| 300 ## - PHYSICAL DESCRIPTION |
| Extent |
410 s. : |
| Other physical details |
foto. |
| 500 ## - GENERAL NOTE |
| General note |
Dizin |
| 650 ## - SUBJECT ADDED ENTRY--TOPICAL TERM |
| Topical term or geographic name entry element |
Genocide |
| Geographic subdivision |
Cyprus |
| 9 (RLIN) |
17505 |
|
| Topical term or geographic name entry element |
Turks |
| Geographic subdivision |
Cyprus |
| 9 (RLIN) |
62613 |
|
| Topical term or geographic name entry element |
Soykırım |
| Geographic subdivision |
Kıbrıs |
| 9 (RLIN) |
17508 |
|
| Topical term or geographic name entry element |
Türkler |
| Geographic subdivision |
Kıbrıs |
| 9 (RLIN) |
17509 |
| 651 #7 - SUBJECT ADDED ENTRY--GEOGRAPHIC NAME |
| Geographic name |
Kıbrıs |
| General subdivision |
Tarih |
| Chronological subdivision |
Kıbrıs Krizi, 1974- |
| Source of heading or term |
etuturkob |
| 9 (RLIN) |
61711 |
|
| Geographic name |
Cyprus |
| General subdivision |
History |
| Chronological subdivision |
Cyprus Crisis, 1974- |
| 9 (RLIN) |
44047 |
|
| Geographic name |
Cyprus |
| General subdivision |
Politics and government |
| Chronological subdivision |
1960-2004 |
| 9 (RLIN) |
44048 |
|
| Geographic name |
Kıbrıs |
| General subdivision |
Siyaset ve yönetim |
| Chronological subdivision |
1960-2004 |
| Source of heading or term |
etuturkob |
| 9 (RLIN) |
44051 |
| 942 ## - ADDED ENTRY ELEMENTS (KOHA) |
| Koha item type |
Book |
| Source of classification or shelving scheme |
Library of Congress Classification |